[Event "Moscow Open 2018 AB"]
[Site "?"]
[Date "2018.02.04"]
[Round "9.1"]
[White "Lomasov, Semen"]
[Black "Samusenko, Maksim"]
[Result "1-0"]
[BlackElo "2422"]
[WhiteElo "2530"]
[LiveChessVersion "1.4.8"]

1. e4 {[%clk 1:30:56]} d6 {[%clk 1:30:29]} 2. d4 {[%clk 1:31:20]} Nf6
{[%clk 1:30:50]} 3. Nc3 {[%clk 1:31:43]} e5 {[%clk 1:30:58]} 4. Nf3
{[%clk 1:32:03]} Nbd7 {[%clk 1:30:44]} 5. Bc4 {[%clk 1:32:08]} Be7
{[%clk 1:30:18]} 6. O-O {[%clk 1:32:21]} O-O {[%clk 1:30:23]} 7. a4
{[%clk 1:32:37]} a6 {[%clk 1:26:13]} 8. a5 {[%clk 1:32:53]} exd4 {[%clk 1:25:49]}
9. Qxd4 {[%clk 1:33:09]} Ng4 {[%clk 1:24:19]} 10. Nd5 {[%clk 1:31:04]} Nde5
{[%clk 1:23:44]} 11. Nxe5 {[%clk 1:29:56]} Nxe5 {[%clk 1:23:46]} 12. Bf4
{[%clk 1:16:37]} Bf6 {[%clk 1:17:03]} 13. Nxf6+ {[%clk 1:16:10]} Qxf6
{[%clk 1:17:23]} 14. Bxe5 {[%clk 1:16:35]} Qxe5 {[%clk 0:52:55]} 15. Qxe5
{[%clk 1:16:14]} dxe5 {[%clk 0:53:23]} 16. Rfd1 {[%clk 1:03:44]} Re8
{[%clk 0:48:05]} 17. Ra3 {[%clk 0:59:06]} Kf8 {[%clk 0:45:06]} 18. Rc3
{[%clk 0:54:05]} f6 {[%clk 0:30:14]} 19. h4 {[%clk 0:34:32]} Rb8 {[%clk 0:17:02]}
20. Kh2 {[%clk 0:27:52]} Ke7 {[%clk 0:15:36]} 21. Bb3 {[%clk 0:26:59]} c6
{[%clk 0:16:00]} 22. Rg3 {[%clk 0:27:13]} g6 {[%clk 0:12:27]} 23. h5
{[%clk 0:27:24]} g5 {[%clk 0:11:41]} 24. Rgd3 {[%clk 0:27:44]} f5
{[%clk 0:05:20]} 25. Rd6 {[%clk 0:18:58]} fxe4 {[%clk 0:05:35]} 26. Rh6
{[%clk 0:19:16]} Rh8 {[%clk 0:05:19]} 27. Re1 {[%clk 0:19:20]} Kf8
{[%clk 0:02:18]} 28. Rxe4 {[%clk 0:18:51]} Kg7 {[%clk 0:02:04]} 29. Rd6
{[%clk 0:19:16]} Rf8 {[%clk 0:01:14]} 30. Rxe5 {[%clk 0:19:29]} Bf5
{[%clk 0:00:58]} 31. f3 {[%clk 0:12:45]} Rbe8 {[%clk 0:01:05]} 32. Rxe8
{[%clk 0:12:08]} Rxe8 {[%clk 0:01:34]} 33. h6+ {[%clk 0:12:20]} Kh8
{[%clk 0:01:59]} 34. g4 {[%clk 0:12:46]} Bc8 {[%clk 0:01:37]} 35. Bf7
{[%clk 0:12:15]} Rf8 {[%clk 0:01:59]} 36. b4 {[%clk 0:12:37]} 1-0

[Event "Moscow Open 2018 AB"]
[Site "?"]
[Date "2018.02.04"]
[Round "9.2"]
[White "Nabaty, Tamir"]
[Black "Zakhartsov, Vladimir"]
[Result "1-0"]
[BlackElo "2472"]
[WhiteElo "2658"]
[LiveChessVersion "1.4.8"]

1. d4 {[%clk 1:29:50]} Nf6 {[%clk 1:30:54]} 2. Nf3 {[%clk 1:30:15]} g6
{[%clk 1:31:15]} 3. Nbd2 {[%clk 1:30:40]} d5 {[%clk 1:31:16]} 4. b4
{[%clk 1:31:01]} Bg7 {[%clk 1:30:40]} 5. c4 {[%clk 1:31:16]} a5 {[%clk 1:28:30]}
6. b5 {[%clk 1:31:35]} c5 {[%clk 1:28:50]} 7. Bb2 {[%clk 1:31:41]} O-O
{[%clk 1:27:03]} 8. dxc5 {[%clk 1:30:11]} Nbd7 {[%clk 1:25:08]} 9. c6
{[%clk 1:26:11]} bxc6 {[%clk 1:24:59]} 10. bxc6 {[%clk 1:26:38]} Nb8
{[%clk 1:23:39]} 11. cxd5 {[%clk 1:18:02]} Qxd5 {[%clk 1:23:42]} 12. Rc1
{[%clk 1:11:17]} Nxc6 {[%clk 1:17:13]} 13. e4 {[%clk 1:09:36]} Qe6
{[%clk 0:53:53]} 14. Bc4 {[%clk 1:08:36]} Qg4 {[%clk 0:48:06]} 15. Be2
{[%clk 1:03:01]} Qe6 {[%clk 0:44:55]} 16. Bc4 {[%clk 0:47:44]} Qg4
{[%clk 0:45:11]} 17. h3 {[%clk 0:46:02]} Qf4 {[%clk 0:40:38]} 18. O-O
{[%clk 0:40:35]} Rb8 {[%clk 0:37:10]} 19. Bb3 {[%clk 0:39:13]} Bb7
{[%clk 0:36:36]} 20. e5 {[%clk 0:39:04]} Nd7 {[%clk 0:30:56]} 21. Rc4
{[%clk 0:38:10]} Qf5 {[%clk 0:30:47]} 22. Rxc6 {[%clk 0:37:58]} Bxc6
{[%clk 0:31:09]} 23. Nd4 {[%clk 0:38:24]} Qxe5 {[%clk 0:31:25]} 24. Nxc6
{[%clk 0:38:48]} Qxb2 {[%clk 0:31:49]} 25. Nc4 {[%clk 0:39:11]} Qc3
{[%clk 0:24:55]} 26. Qxd7 {[%clk 0:39:08]} Rbe8 {[%clk 0:24:36]} 27. N4xa5
{[%clk 0:37:07]} e6 {[%clk 0:24:55]} 28. Nb7 {[%clk 0:35:47]} Ra8
{[%clk 0:24:56]} 29. Nd6 {[%clk 0:34:14]} Qf6 {[%clk 0:20:44]} 30. Re1
{[%clk 0:32:19]} Qc3 {[%clk 0:19:07]} 31. Re3 {[%clk 0:30:49]} Qa1+
{[%clk 0:18:15]} 32. Kh2 {[%clk 0:31:16]} Qb2 {[%clk 0:17:06]} 33. Bxe6
{[%clk 0:26:23]} fxe6 {[%clk 0:14:53]} 34. Qxe6+ {[%clk 0:26:39]} Kh8
{[%clk 0:15:19]} 35. Nf7+ {[%clk 0:27:01]} Rxf7 {[%clk 0:15:39]} 36. Qxf7
{[%clk 0:27:27]} Rf8 {[%clk 0:14:46]} 37. Re8 {[%clk 0:26:58]} Qa3
{[%clk 0:14:55]} 38. Ne7 {[%clk 0:26:01]} Be5+ {[%clk 0:15:17]} 39. f4
{[%clk 0:26:02]} Bxf4+ {[%clk 0:14:59]} 40. Qxf4 {[%clk 0:56:21]} 1-0

[Event "Moscow Open 2018 AB"]
[Site "?"]
[Date "2018.02.04"]
[Round "9.3"]
[White "Khegay, Dmitriy"]
[Black "Kokarev, Dmitry"]
[Result "1/2-1/2"]
[BlackElo "2616"]
[WhiteElo "2495"]
[LiveChessVersion "1.4.8"]

1. e4 {[%clk 1:30:03]} c5 {[%clk 1:30:49]} 2. Nf3 {[%clk 1:30:27]} d6
{[%clk 1:31:13]} 3. d4 {[%clk 1:30:51]} cxd4 {[%clk 1:31:38]} 4. Nxd4
{[%clk 1:31:16]} Nf6 5. Nc3 {[%clk 1:31:41]} a6 {[%clk 1:32:26]} 6. a4
{[%clk 1:32:04]} Nc6 {[%clk 1:32:17]} 7. Nxc6 {[%clk 1:31:50]} bxc6
{[%clk 1:32:38]} 8. a5 g6 {[%clk 1:29:31]} 9. Bc4 {[%clk 1:30:16]} Bg7
{[%clk 1:27:13]} 10. e5 Ng4 11. exd6 {[%clk 1:17:50]} exd6 {[%clk 1:25:00]} 12.
Qe2+ {[%clk 1:04:32]} Qe7 {[%clk 1:24:22]} 13. Qxe7+ {[%clk 1:04:55]} Kxe7
{[%clk 1:24:46]} 14. O-O {[%clk 1:03:28]} Re8 {[%clk 1:06:32]} 15. Na4
{[%clk 1:01:28]} Bf5 16. Nb6 {[%clk 0:52:54]} Ra7 {[%clk 1:04:13]} 17. c3
{[%clk 0:53:19]} Ne5 {[%clk 0:39:09]} 18. Bf4 Nxc4 19. Nxc4 {[%clk 0:45:58]} Rd8
{[%clk 0:38:07]} 20. Rad1 {[%clk 0:45:26]} Rad7 21. Rd2 {[%clk 0:41:18]} d5
{[%clk 0:37:30]} 22. Nb6 {[%clk 0:41:12]} Rb7 {[%clk 0:37:54]} 23. Re1+
{[%clk 0:41:04]} Kf8 24. Be3 Bf6 {[%clk 0:33:14]} 25. Bc5+ {[%clk 0:39:51]} Kg7
{[%clk 0:33:33]} 26. Bd4 {[%clk 0:38:34]} g5 27. f3 {[%clk 0:38:50]} Kg6
{[%clk 0:22:48]} 28. Bxf6 {[%clk 0:36:05]} Kxf6 {[%clk 0:22:11]} 29. b4 Re7 30.
Rxe7 {[%clk 0:35:18]} Kxe7 {[%clk 0:22:38]} 31. Na4 {[%clk 0:35:42]} Bc8
{[%clk 0:22:25]} 32. Nc5 {[%clk 0:35:04]} h6 {[%clk 0:21:11]} 33. Kf2
{[%clk 0:35:03]} Kd6 {[%clk 0:21:30]} 34. Re2 {[%clk 0:33:51]} Rh8
{[%clk 0:18:47]} 35. Ke3 {[%clk 0:31:50]} h5 {[%clk 0:17:38]} 36. Kd4
{[%clk 0:31:35]} h4 {[%clk 0:17:29]} 37. c4 {[%clk 0:15:36]} g4 {[%clk 0:04:09]}
38. fxg4 {[%clk 0:15:19]} Bxg4 {[%clk 0:04:26]} 39. Nb7+ {[%clk 0:14:17]} Kd7
{[%clk 0:04:32]} 40. Rf2 {[%clk 0:44:37]} Be6 {[%clk 0:34:38]} 41. Nc5+
{[%clk 0:43:16]} Kd6 {[%clk 0:32:10]} 42. Nxa6 {[%clk 0:42:21]} Rg8 43. Rf4
{[%clk 0:39:26]} dxc4 {[%clk 0:30:49]} 44. Rxh4 {[%clk 0:37:19]} Rxg2
{[%clk 0:30:42]} 45. Nc5 {[%clk 0:37:44]} Bd5 {[%clk 0:28:24]} 46. Rh6+
{[%clk 0:38:02]} Be6 {[%clk 0:27:29]} 47. a6 {[%clk 0:34:07]} Ra2
{[%clk 0:27:21]} 48. h4 {[%clk 0:33:43]} Ra3 {[%clk 0:27:35]} 49. h5
{[%clk 0:32:32]} c3 {[%clk 0:27:46]} 50. Kd3 {[%clk 0:31:39]} Ke5
{[%clk 0:26:52]} 51. Nxe6 {[%clk 0:27:24]} fxe6 {[%clk 0:26:52]} 52. Rg6
{[%clk 0:19:23]} Rxa6 {[%clk 0:27:39]} 53. Rg5+ {[%clk 0:19:20]} Kf6
{[%clk 0:24:03]} 54. Ra5 {[%clk 0:19:44]} Rb6 {[%clk 0:24:28]} 55. Kxc3
{[%clk 0:20:11]} Rb8 {[%clk 0:24:52]} 56. Kc4 {[%clk 0:17:49]} Rh8
{[%clk 0:23:43]} 57. Kc5 {[%clk 0:18:14]} Rxh5+ {[%clk 0:24:07]} 58. Kxc6
{[%clk 0:18:42]} Rh1 {[%clk 0:23:06]} 59. Rc5 {[%clk 0:18:39]} e5
{[%clk 0:19:16]} 60. b5 {[%clk 0:19:03]} Rb1 {[%clk 0:16:03]} 61. b6
{[%clk 0:19:16]} e4 {[%clk 0:16:03]} 62. b7 {[%clk 0:19:16]} e3 {[%clk 0:16:03]}
63. Rb5 {[%clk 0:19:16]} 1/2-1/2

[Event "Moscow Open 2018 AB"]
[Site "?"]
[Date "2018.02.04"]
[Round "9.4"]
[White "Vavulin, Maksim"]
[Black "Drygalov, Andrey"]
[Result "1-0"]
[BlackElo "2440"]
[WhiteElo "2575"]
[LiveChessVersion "1.4.8"]

1. e4 {[%clk 1:30:58]} c5 {[%clk 1:29:33]} 2. d3 {[%clk 1:30:10]} a6
{[%clk 1:22:40]} 3. g3 {[%clk 1:29:10]} b5 {[%clk 1:22:42]} 4. Bg2
{[%clk 1:29:31]} Bb7 {[%clk 1:23:03]} 5. f4 {[%clk 1:29:53]} g6 {[%clk 1:13:34]}
6. Nf3 {[%clk 1:28:44]} Bg7 {[%clk 1:13:21]} 7. O-O {[%clk 1:27:10]} d6
{[%clk 1:04:10]} 8. Nc3 {[%clk 1:27:02]} Nc6 {[%clk 1:02:20]} 9. h3
{[%clk 1:17:53]} Nd4 {[%clk 1:00:45]} 10. Nh4 {[%clk 1:05:46]} e6
{[%clk 0:55:49]} 11. f5 {[%clk 1:03:42]} Be5 {[%clk 0:42:12]} 12. fxe6
{[%clk 1:03:56]} fxe6 {[%clk 0:35:53]} 13. Ne2 {[%clk 1:03:41]} Nxe2+
{[%clk 0:24:59]} 14. Qxe2 {[%clk 1:04:05]} Qe7 {[%clk 0:24:49]} 15. Nf3
{[%clk 0:49:45]} Bg7 {[%clk 0:14:13]} 16. e5 {[%clk 0:44:56]} d5 {[%clk 0:13:51]}
17. Bg5 {[%clk 0:40:47]} Qd7 {[%clk 0:12:07]} 18. d4 {[%clk 0:38:37]} c4
{[%clk 0:09:04]} 19. h4 {[%clk 0:34:14]} Nh6 {[%clk 0:06:09]} 20. h5
{[%clk 0:30:06]} Nf5 {[%clk 0:05:15]} 21. Qe1 {[%clk 0:27:09]} gxh5
{[%clk 0:04:22]} 22. Nh4 {[%clk 0:27:13]} O-O {[%clk 0:02:40]} 23. Nxf5
{[%clk 0:27:14]} Rxf5 {[%clk 0:02:53]} 24. Rxf5 {[%clk 0:27:37]} exf5
{[%clk 0:03:19]} 25. Qe2 {[%clk 0:26:33]} Qe6 {[%clk 0:03:17]} 26. Qxh5
{[%clk 0:19:13]} Rf8 {[%clk 0:02:58]} 27. c3 {[%clk 0:16:45]} Bc6
{[%clk 0:02:10]} 28. Qf3 {[%clk 0:15:32]} a5 {[%clk 0:00:55]} 29. a3
{[%clk 0:15:34]} Kh8 {[%clk 0:00:34]} 30. Kf2 {[%clk 0:15:19]} Qg6
{[%clk 0:00:49]} 31. Qf4 {[%clk 0:09:29]} h6 {[%clk 0:00:43]} 32. Rh1
{[%clk 0:09:25]} Kh7 {[%clk 0:01:11]} 33. Be7 {[%clk 0:09:22]} Rf7
{[%clk 0:00:41]} 34. Bd8 {[%clk 0:08:04]} a4 {[%clk 0:00:52]} 35. Bf3
{[%clk 0:07:47]} Rd7 {[%clk 0:00:34]} 36. Bh5 {[%clk 0:07:04]} Qe6
{[%clk 0:01:00]} 37. Ba5 {[%clk 0:07:00]} Ra7 {[%clk 0:00:48]} 38. Bb4
{[%clk 0:04:20]} Bd7 {[%clk 0:00:51]} 39. g4 {[%clk 0:04:15]} fxg4
{[%clk 0:01:02]} 40. Bf7 {[%clk 0:34:38]} Qf5 {[%clk 0:30:52]} 41. Qxf5+
{[%clk 0:32:54]} Bxf5 {[%clk 0:30:55]} 42. Bxd5 {[%clk 0:33:05]} Kg6
{[%clk 0:30:24]} 43. Re1 {[%clk 0:27:56]} Bd7 {[%clk 0:15:52]} 44. e6
{[%clk 0:27:39]} Be8 {[%clk 0:16:18]} 45. Be4+ {[%clk 0:27:50]} Kg5
{[%clk 0:16:06]} 46. d5 {[%clk 0:27:54]} Be5 {[%clk 0:14:34]} 47. d6
{[%clk 0:24:04]} Kf6 {[%clk 0:11:20]} 48. Bd5 {[%clk 0:21:53]} h5
{[%clk 0:10:13]} 49. Kg1 {[%clk 0:21:35]} Kf5 {[%clk 0:07:03]} 50. Bc5
{[%clk 0:14:19]} Rg7 {[%clk 0:07:10]} 51. Rf1+ {[%clk 0:12:59]} Bf4
{[%clk 0:06:54]} 52. d7 {[%clk 0:13:02]} Bxd7 {[%clk 0:07:13]} 53. Bd6
{[%clk 0:13:25]} Bxe6 {[%clk 0:02:42]} 54. Rxf4+ {[%clk 0:13:48]} Kg5
{[%clk 0:03:07]} 55. Bxe6 {[%clk 0:14:11]} Rg6 {[%clk 0:03:31]} 56. Rf5+
{[%clk 0:13:41]} Kh4 {[%clk 0:03:55]} 57. Kg2 {[%clk 0:14:05]} g3
{[%clk 0:02:39]} 58. Be7+ {[%clk 0:14:30]} 1-0

[Event "Moscow Open 2018 AB"]
[Site "?"]
[Date "2018.02.04"]
[Round "9.5"]
[White "Timofeev, Artyom"]
[Black "Gaifullin, Artur"]
[Result "1-0"]
[BlackElo "2423"]
[WhiteElo "2563"]
[LiveChessVersion "1.4.8"]

1. e4 {[%clk 1:30:56]} e5 {[%clk 1:30:57]} 2. Nf3 {[%clk 1:31:19]} Nc6
{[%clk 1:31:25]} 3. Bb5 {[%clk 1:31:41]} a6 {[%clk 1:31:51]} 4. Ba4
{[%clk 1:32:03]} Nge7 {[%clk 1:32:16]} 5. O-O {[%clk 1:18:58]} g6
{[%clk 1:32:42]} 6. c3 {[%clk 1:18:55]} Bg7 {[%clk 1:33:07]} 7. d4
{[%clk 1:19:17]} exd4 {[%clk 1:33:17]} 8. cxd4 {[%clk 1:19:38]} d5
{[%clk 1:31:48]} 9. Bxc6+ {[%clk 1:19:33]} bxc6 {[%clk 1:32:13]} 10. e5
{[%clk 1:19:54]} O-O {[%clk 1:32:03]} 11. h3 {[%clk 1:14:03]} f6 {[%clk 1:26:35]}
12. exf6 {[%clk 1:12:53]} Rxf6 {[%clk 1:26:01]} 13. Bg5 {[%clk 1:12:49]} Re6
{[%clk 1:26:29]} 14. Nbd2 {[%clk 1:09:02]} Qf8 {[%clk 1:25:26]} 15. Re1
{[%clk 1:00:08]} Nf5 {[%clk 1:20:34]} 16. Rxe6 {[%clk 0:55:30]} Bxe6
{[%clk 1:21:03]} 17. Nb3 {[%clk 0:55:52]} Re8 {[%clk 1:21:10]} 18. Qc1
{[%clk 0:54:26]} Bd7 {[%clk 1:19:24]} 19. Bf4 {[%clk 0:54:12]} Nd6
{[%clk 1:06:58]} 20. Nc5 {[%clk 0:51:25]} Bf5 {[%clk 1:01:58]} 21. Ne5
{[%clk 0:48:01]} Nb5 {[%clk 0:37:44]} 22. Qe3 {[%clk 0:47:20]} Be4
{[%clk 0:38:05]} 23. Bg3 {[%clk 0:39:27]} Nd6 {[%clk 0:35:15]} 24. Qd2
{[%clk 0:27:38]} Bxe5 {[%clk 0:19:14]} 25. Bxe5 {[%clk 0:21:27]} Nc4
{[%clk 0:19:13]} 26. Qf4 {[%clk 0:21:50]} Qxf4 {[%clk 0:14:13]} 27. Bxf4
{[%clk 0:22:10]} Nxb2 {[%clk 0:14:35]} 28. Nxa6 {[%clk 0:20:52]} Ra8
{[%clk 0:10:35]} 29. Nxc7 {[%clk 0:19:55]} Ra7 {[%clk 0:09:53]} 30. Ne6
{[%clk 0:18:05]} Nd3 {[%clk 0:07:10]} 31. Bd6 {[%clk 0:17:44]} Bf5
{[%clk 0:07:14]} 32. Nc5 {[%clk 0:17:53]} Nb4 {[%clk 0:04:33]} 33. g4
{[%clk 0:16:37]} Bc8 {[%clk 0:03:58]} 34. Rb1 {[%clk 0:16:07]} Na6
{[%clk 0:04:27]} 35. Nd3 {[%clk 0:16:21]} Kf7 {[%clk 0:03:15]} 36. Ne5+
{[%clk 0:16:13]} Ke6 {[%clk 0:00:50]} 37. Nxc6 {[%clk 0:16:34]} Rg7
{[%clk 0:00:58]} 38. Be5 {[%clk 0:14:28]} Rd7 {[%clk 0:01:21]} 39. Bg3
{[%clk 0:12:51]} Kf6 {[%clk 0:00:57]} 40. Rb6 {[%clk 0:41:53]} Kg7
{[%clk 0:31:25]} 41. Kh2 {[%clk 0:40:39]} g5 {[%clk 0:27:19]} 42. a4
{[%clk 0:40:23]} h6 {[%clk 0:23:16]} 43. a5 {[%clk 0:40:01]} Kh7 {[%clk 0:23:33]}
44. Be5 {[%clk 0:40:20]} Rf7 {[%clk 0:21:26]} 45. Kg3 {[%clk 0:40:28]} Rd7
{[%clk 0:21:50]} 46. h4 {[%clk 0:40:20]} gxh4+ {[%clk 0:19:05]} 47. Kxh4
{[%clk 0:39:11]} Rf7 {[%clk 0:19:32]} 48. f4 {[%clk 0:39:18]} Rd7
{[%clk 0:18:30]} 49. f5 {[%clk 0:39:36]} Rf7 {[%clk 0:16:27]} 50. Bf4
{[%clk 0:38:18]} Rf6 {[%clk 0:13:22]} 51. Ne7 {[%clk 0:38:29]} Rxb6
{[%clk 0:13:44]} 52. axb6 {[%clk 0:38:54]} Bb7 {[%clk 0:14:11]} 53. Bd6
{[%clk 0:39:16]} 1-0

[Event "Moscow Open 2018 AB"]
[Site "?"]
[Date "2018.02.04"]
[Round "9.6"]
[White "Afanasiev, Nikita"]
[Black "Boruchovsky, Avital"]
[Result "1-0"]
[BlackElo "2542"]
[WhiteElo "2364"]
[LiveChessVersion "1.4.8"]

1. e4 {[%clk 1:30:58]} c5 {[%clk 1:29:42]} 2. Nf3 {[%clk 1:31:21]} d6
{[%clk 1:30:07]} 3. d4 {[%clk 1:31:43]} cxd4 {[%clk 1:30:29]} 4. Nxd4
{[%clk 1:32:10]} Nf6 {[%clk 1:30:53]} 5. Nc3 {[%clk 1:32:36]} a6 {[%clk 1:31:18]}
6. Nb3 {[%clk 1:33:01]} e6 {[%clk 1:25:55]} 7. g4 {[%clk 1:33:11]} Be7
{[%clk 1:24:37]} 8. g5 {[%clk 1:21:36]} Nfd7 {[%clk 1:25:00]} 9. a4
{[%clk 1:20:43]} b6 {[%clk 1:07:29]} 10. Bg2 {[%clk 1:12:18]} Bb7
{[%clk 1:07:12]} 11. f4 {[%clk 1:10:15]} Nc6 {[%clk 1:05:42]} 12. Be3
{[%clk 1:09:19]} Nc5 {[%clk 0:55:34]} 13. Qe2 {[%clk 0:59:09]} e5
{[%clk 0:50:35]} 14. Rd1 {[%clk 0:49:18]} O-O {[%clk 0:35:21]} 15. O-O
{[%clk 0:40:45]} exf4 {[%clk 0:30:09]} 16. Bxf4 {[%clk 0:39:21]} Ne6
{[%clk 0:17:14]} 17. Bg3 {[%clk 0:37:34]} Nxg5 {[%clk 0:16:49]} 18. e5
{[%clk 0:36:40]} Ne6 {[%clk 0:12:44]} 19. Qg4 {[%clk 0:31:16]} Kh8
{[%clk 0:11:38]} 20. exd6 {[%clk 0:24:01]} Bf6 {[%clk 0:12:02]} 21. Nd5
{[%clk 0:23:25]} Bxb2 {[%clk 0:11:04]} 22. Nc7 {[%clk 0:21:06]} Nxc7
{[%clk 0:06:35]} 23. dxc7 {[%clk 0:21:30]} Qc8 {[%clk 0:07:01]} 24. Qd7
{[%clk 0:17:57]} Bd4+ {[%clk 0:02:56]} 25. Rxd4 {[%clk 0:16:50]} Nxd4
{[%clk 0:03:24]} 26. Qxc8 {[%clk 0:17:00]} Ne2+ {[%clk 0:03:53]} 27. Kf2
{[%clk 0:17:02]} Raxc8 {[%clk 0:04:18]} 28. Bxb7 {[%clk 0:16:31]} Nxg3
{[%clk 0:04:40]} 29. Bxc8 {[%clk 0:16:49]} Rxc8 {[%clk 0:04:51]} 30. hxg3
{[%clk 0:15:08]} Rxc7 {[%clk 0:05:16]} 31. Nd4 {[%clk 0:15:09]} Rc4
{[%clk 0:04:21]} 32. Ke3 {[%clk 0:15:17]} Rc3+ {[%clk 0:04:47]} 33. Ke4
{[%clk 0:12:06]} Rxg3 {[%clk 0:04:43]} 34. Rxf7 {[%clk 0:12:33]} h5
{[%clk 0:05:06]} 35. Rb7 {[%clk 0:11:47]} h4 {[%clk 0:01:41]} 36. Rxb6
{[%clk 0:11:57]} Rg4+ {[%clk 0:01:30]} 37. Ke5 {[%clk 0:09:08]} h3
{[%clk 0:01:30]} 38. Rb1 {[%clk 0:09:25]} g5 {[%clk 0:01:01]} 39. c4
{[%clk 0:04:34]} Rg3 {[%clk 0:00:36]} 40. Kf6 {[%clk 0:33:23]} Kg8
{[%clk 0:30:35]} 41. Kg6 {[%clk 0:33:45]} Kf8 {[%clk 0:30:24]} 42. Rb8+
{[%clk 0:34:09]} 1-0

[Event "Moscow Open 2018 AB"]
[Site "?"]
[Date "2018.02.04"]
[Round "9.7"]
[White "Mozharov, Mikhail"]
[Black "Harutjunyan, Gevorg"]
[Result "1/2-1/2"]
[BlackElo "2407"]
[WhiteElo "2539"]
[LiveChessVersion "1.4.8"]

1. d4 {[%clk 1:21:52]} d5 {[%clk 1:30:50]} 2. Nf3 {[%clk 1:22:11]} Nc6
{[%clk 1:31:06]} 3. c4 {[%clk 1:19:25]} Bg4 {[%clk 1:31:23]} 4. Nc3
{[%clk 1:17:36]} e6 {[%clk 1:31:28]} 5. e3 {[%clk 1:15:16]} Nf6 {[%clk 1:31:36]}
6. h3 {[%clk 1:14:16]} Bxf3 {[%clk 1:31:30]} 7. Qxf3 {[%clk 1:14:39]} Bb4
{[%clk 1:31:57]} 8. Bd2 {[%clk 1:13:41]} O-O {[%clk 1:24:06]} 9. cxd5
{[%clk 1:09:53]} Bxc3 {[%clk 1:24:13]} 10. bxc3 {[%clk 1:08:52]} exd5
{[%clk 1:21:52]} 11. Bd3 {[%clk 1:09:05]} Re8 {[%clk 1:17:28]} 12. O-O
{[%clk 1:09:21]} Na5 {[%clk 1:17:55]} 13. Qe2 {[%clk 1:04:54]} c5
{[%clk 1:14:58]} 14. f3 {[%clk 0:58:50]} Rc8 {[%clk 1:12:29]} 15. Be1
{[%clk 0:53:57]} Nc4 {[%clk 1:02:08]} 16. Bf2 {[%clk 0:49:48]} cxd4
{[%clk 1:00:44]} 17. cxd4 {[%clk 0:50:15]} b5 {[%clk 1:01:00]} 18. Rfe1
{[%clk 0:47:17]} Rc6 {[%clk 0:53:27]} 19. Rab1 {[%clk 0:42:48]} a6
{[%clk 0:53:13]} 20. a4 {[%clk 0:41:04]} bxa4 {[%clk 0:49:55]} 21. Qa2
{[%clk 0:40:16]} a3 {[%clk 0:42:26]} 22. Bxc4 {[%clk 0:31:21]} dxc4
{[%clk 0:38:29]} 23. e4 {[%clk 0:27:39]} Qa5 {[%clk 0:37:46]} 24. d5
{[%clk 0:27:31]} Rcc8 {[%clk 0:38:12]} 25. Ra1 {[%clk 0:25:50]} c3
{[%clk 0:35:55]} 26. Rec1 {[%clk 0:25:04]} Nh5 {[%clk 0:30:02]} 27. Qxa3
{[%clk 0:24:18]} Qxa3 {[%clk 0:29:47]} 28. Rxa3 {[%clk 0:24:43]} f5
{[%clk 0:30:14]} 29. d6 {[%clk 0:19:39]} Rcd8 {[%clk 0:25:04]} 30. Rxa6
{[%clk 0:16:27]} Nf4 {[%clk 0:19:00]} 31. Kf1 {[%clk 0:13:45]} fxe4
{[%clk 0:16:50]} 32. Rxc3 {[%clk 0:12:42]} Nd5 {[%clk 0:16:42]} 33. Rb3
{[%clk 0:09:49]} Rd7 {[%clk 0:09:51]} 34. fxe4 {[%clk 0:08:30]} Nf6
{[%clk 0:10:01]} 35. Ra7 {[%clk 0:05:10]} Rxa7 {[%clk 0:09:05]} 36. Bxa7
{[%clk 0:05:37]} Nxe4 {[%clk 0:09:09]} 37. d7 {[%clk 0:04:16]} Rf8+
{[%clk 0:09:27]} 38. Kg1 {[%clk 0:04:06]} Nf6 {[%clk 0:09:49]} 39. Bc5
{[%clk 0:04:00]} Rd8 {[%clk 0:09:50]} 40. Be7 {[%clk 0:34:26]} Rxd7
{[%clk 0:40:16]} 41. Bxf6 {[%clk 0:34:54]} 1/2-1/2

[Event "Moscow Open 2018 AB"]
[Site "?"]
[Date "2018.02.04"]
[Round "9.8"]
[White "Matinian, Nikita"]
[Black "Savchenko, Boris"]
[Result "1/2-1/2"]
[BlackElo "2566"]
[WhiteElo "2491"]
[LiveChessVersion "1.4.8"]

1. e4 {[%clk 1:30:58]} e6 {[%clk 1:17:04]} 2. d4 {[%clk 1:31:22]} d5
{[%clk 1:17:14]} 3. Nc3 {[%clk 1:31:48]} Bb4 {[%clk 1:17:37]} 4. e5
{[%clk 1:32:14]} Ne7 {[%clk 1:18:01]} 5. a3 {[%clk 1:32:40]} Bxc3+
{[%clk 1:18:25]} 6. bxc3 {[%clk 1:33:06]} c5 {[%clk 1:18:47]} 7. Qg4
{[%clk 1:33:33]} O-O {[%clk 1:19:09]} 8. Bd3 {[%clk 1:33:59]} Nbc6
{[%clk 1:19:30]} 9. Qh5 {[%clk 1:34:17]} Ng6 {[%clk 1:19:52]} 10. Nf3
{[%clk 1:34:34]} Nce7 {[%clk 1:20:13]} 11. Be3 {[%clk 1:35:00]} Qa5
{[%clk 1:17:22]} 12. Bd2 {[%clk 1:32:11]} Qa4 {[%clk 0:55:04]} 13. dxc5
{[%clk 1:28:08]} b6 {[%clk 0:55:18]} 14. cxb6 {[%clk 1:28:28]} Ba6
{[%clk 0:55:34]} 15. bxa7 {[%clk 1:25:56]} Bxd3 {[%clk 0:55:36]} 16. cxd3
{[%clk 1:26:22]} Qc2 {[%clk 0:55:55]} 17. O-O {[%clk 1:26:38]} Qxd3
{[%clk 0:56:15]} 18. Rfd1 {[%clk 1:26:50]} Qa6 {[%clk 0:53:56]} 19. h4
{[%clk 1:19:39]} Qc4 {[%clk 0:46:25]} 20. Nd4 {[%clk 1:05:13]} Rxa7
{[%clk 0:45:27]} 21. Qg5 {[%clk 1:03:10]} h6 {[%clk 0:29:30]} 22. Qg3
{[%clk 1:03:31]} Nf5 {[%clk 0:27:49]} 23. Nxf5 {[%clk 1:02:36]} exf5
{[%clk 0:28:12]} 24. h5 {[%clk 0:55:03]} f4 {[%clk 0:28:31]} 25. Qg4
{[%clk 0:55:11]} Nxe5 {[%clk 0:28:43]} 26. Qxf4 {[%clk 0:55:37]} f6
{[%clk 0:28:26]} 27. Be3 {[%clk 0:51:43]} Ra5 {[%clk 0:28:52]} 28. Qf5
{[%clk 0:47:04]} Qe4 {[%clk 0:26:22]} 29. Qe6+ {[%clk 0:46:08]} Kh7
{[%clk 0:25:09]} 30. Qd6 {[%clk 0:45:04]} Rfa8 {[%clk 0:24:54]} 31. Bd4
{[%clk 0:38:20]} Nd3 {[%clk 0:21:02]} 32. Ra2 {[%clk 0:21:19]} Qf5
{[%clk 0:11:15]} 33. Rad2 {[%clk 0:16:51]} R8a6 {[%clk 0:07:25]} 34. Qg3
{[%clk 0:11:25]} Nf4 {[%clk 0:07:00]} 35. Qf3 {[%clk 0:11:00]} Qe4
{[%clk 0:05:02]} 36. Be3 {[%clk 0:09:03]} Qxf3 {[%clk 0:05:12]} 37. gxf3
{[%clk 0:09:30]} Ra4 {[%clk 0:05:13]} 38. Bxf4 {[%clk 0:08:59]} Rxf4
{[%clk 0:05:37]} 39. Rxd5 {[%clk 0:08:05]} Rxa3 {[%clk 0:04:38]} 40. R1d4
{[%clk 0:35:07]} Rxf3 {[%clk 0:34:45]} 41. Rg4 {[%clk 0:33:47]} Ra7
{[%clk 0:34:00]} 42. Rc5 {[%clk 0:34:05]} f5 {[%clk 0:33:42]} 43. Rg3
{[%clk 0:33:39]} Rf4 {[%clk 0:34:06]} 44. Kg2 {[%clk 0:34:01]} Rf7
{[%clk 0:34:10]} 45. Rf3 {[%clk 0:34:02]} Rg4+ {[%clk 0:34:33]} 46. Rg3
{[%clk 0:33:54]} Rg5 {[%clk 0:34:45]} 47. Rxg5 {[%clk 0:32:14]} hxg5
{[%clk 0:35:09]} 48. Rc6 {[%clk 0:32:43]} Rd7 {[%clk 0:35:33]} 49. Rg6
{[%clk 0:32:23]} g4 {[%clk 0:35:58]} 50. Rg5 {[%clk 0:32:44]} Rd5
{[%clk 0:36:21]} 51. c4 {[%clk 0:33:00]} Rc5 {[%clk 0:36:44]} 52. Kg3
{[%clk 0:32:48]} Kh6 {[%clk 0:37:06]} 53. Kh4 {[%clk 0:32:51]} Kh7
{[%clk 0:37:30]} 54. Kg3 {[%clk 0:33:01]} 1/2-1/2